<?xml version="1.0" encoding="UTF-8"?><?xml-stylesheet type="text/xsl" href="static/style.xsl"?><OAI-PMH xmlns="http://www.openarchives.org/OAI/2.0/" xmlns:xsi="http://www.w3.org/2001/XMLSchema-instance" xsi:schemaLocation="http://www.openarchives.org/OAI/2.0/ http://www.openarchives.org/OAI/2.0/OAI-PMH.xsd"><responseDate>2026-04-17T06:24:51Z</responseDate><request verb="GetRecord" identifier="oai:www.recercat.cat:2445/154386" metadataPrefix="marc">https://recercat.cat/oai/request</request><GetRecord><record><header><identifier>oai:recercat.cat:2445/154386</identifier><datestamp>2025-12-04T21:45:01Z</datestamp><setSpec>com_2072_1057</setSpec><setSpec>col_2072_478917</setSpec><setSpec>col_2072_478933</setSpec></header><metadata><record xmlns="http://www.loc.gov/MARC21/slim" xmlns:dcterms="http://purl.org/dc/terms/" xmlns:xsi="http://www.w3.org/2001/XMLSchema-instance" xmlns:doc="http://www.lyncode.com/xoai" xsi:schemaLocation="http://www.loc.gov/MARC21/slim http://www.loc.gov/standards/marcxml/schema/MARC21slim.xsd">
   <leader>00925njm 22002777a 4500</leader>
   <datafield ind2=" " ind1=" " tag="042">
      <subfield code="a">dc</subfield>
   </datafield>
   <datafield ind2=" " ind1=" " tag="720">
      <subfield code="a">Dogaheh, Samira Gholizadeh</subfield>
      <subfield code="e">author</subfield>
   </datafield>
   <datafield ind2=" " ind1=" " tag="720">
      <subfield code="a">Khanmohammadi, Hamid</subfield>
      <subfield code="e">author</subfield>
   </datafield>
   <datafield ind2=" " ind1=" " tag="720">
      <subfield code="a">Sañudo Zotes, Eva Carolina</subfield>
      <subfield code="e">author</subfield>
   </datafield>
   <datafield ind2=" " ind1=" " tag="260">
      <subfield code="c">2020-03-30T09:49:13Z</subfield>
   </datafield>
   <datafield ind2=" " ind1=" " tag="260">
      <subfield code="c">2020-03-30T09:49:13Z</subfield>
   </datafield>
   <datafield ind2=" " ind1=" " tag="260">
      <subfield code="c">2017-05-15</subfield>
   </datafield>
   <datafield ind2=" " ind1=" " tag="260">
      <subfield code="c">2020-03-30T09:49:13Z</subfield>
   </datafield>
   <datafield ind2=" " ind1=" " tag="520">
      <subfield code="a">Two new azo-azomethine receptors, H2L1 and H2L2, containing hydrazine, naphthalene and different electron withdrawing groups, Cl and NO2, have been designed and synthesized for qualitative and quantitative detection of Cu2+ and Co2+ in aqueous media. The crystal structure of H2L1 is reported. The H2L1 was used as a chemosensor for selective detection of trace amount of Cu2+ in aqueous media. H2L2 was also applied to naked-eye distinction of Cu2+ and Co2+ from other transition metal ions in aqueous media. Detection limit of Cu2+ is 1.13 mu M and 1.26 mu M, in water, for H2L1 and H2L2, respectively, which are lower than the World Health Organization (WHO) recommended level. The binuclear Cu2+ and Co2+ complexes of the receptors have been also prepared and characterized using spectroscopic methods and MALDI-TOF mass analysis. Furthermore, the binding stoichiometry between the receptors upon the addition Cu2+ and Co2+ has been investigated using Job's plot. Moreover, the fluorescence emission spectra of the receptors and their metal complexes are also reported. (C) 2017 Elsevier B.V. All rights reserved.</subfield>
   </datafield>
   <datafield tag="653" ind2=" " ind1=" ">
      <subfield code="a">Fluorescència</subfield>
   </datafield>
   <datafield tag="653" ind2=" " ind1=" ">
      <subfield code="a">Ions metàl·lics</subfield>
   </datafield>
   <datafield tag="653" ind2=" " ind1=" ">
      <subfield code="a">Estructura cristal·lina (Sòlids)</subfield>
   </datafield>
   <datafield tag="653" ind2=" " ind1=" ">
      <subfield code="a">Fluorescence</subfield>
   </datafield>
   <datafield tag="653" ind2=" " ind1=" ">
      <subfield code="a">Metal ions</subfield>
   </datafield>
   <datafield tag="653" ind2=" " ind1=" ">
      <subfield code="a">Layer structure (Solids)</subfield>
   </datafield>
   <datafield ind2="0" ind1="0" tag="245">
      <subfield code="a">Selective detection of Cu2+ and Co2+ in aqueous media: asymmetric chemosensors, crystal structure and spectroscopic studies</subfield>
   </datafield>
</record></metadata></record></GetRecord></OAI-PMH>